Wszystkie Przystanki Autobusowe na Ursynowie - Statystyki

Ogólne statystyki
  • Ten quiz został rozwiązany 35 razy
  • Średni wynik to 25 z 98
Statystyki odpowiedzi
Przystanki % Poprawnych
Metro Imielin
90%
Metro Natolin
80%
Metro Kabaty
73%
Metro Stokłosy
73%
Osiedle Kabaty
67%
Ursynów Północny
63%
Belgradzka
53%
Pileckiego
47%
Poleczki
47%
SGGW - Biblioteka
47%
SGGW - Klinika
43%
SGGW - Rektorat
43%
Strzeleckiego
43%
Centrum Handlowe Ursynów
40%
Ciszewskiego
40%
Natolin Północny
40%
Małej Łąki
37%
Miklaszewskiego
37%
Płaskowickiej
37%
Szpital Południowy
37%
Arbuzowa
33%
Cynamonowa
33%
Małcużyńskiego
33%
Mandarynki
33%
Stryjeńskich
33%
Wąwozowa
33%
PKP Jeziorki
30%
Teligi
30%
Centrum Onkologii
27%
Hospicjum Onkologiczne
27%
Kabaty - STP
27%
Lanciego
27%
Lokajskiego
27%
Raabego
27%
Rybałtów
27%
Bogatki
23%
Grzegorzewskiej
23%
Karczunkowska
23%
Megasam
23%
Mielczarskiego
23%
PKP Dawidy
23%
Polinezyjska
23%
Przy Bażantarni
23%
Sójki
23%
Tango
23%
Warchałowskiego
23%
Wyczółki
23%
Żołny
23%
Dawidy
20%
Dunikowskiego
20%
Gandhi
20%
Herbsta
20%
Hołubcowa
20%
Łagiewnicka
20%
Magellana
20%
Makolągwy
20%
Osiedle Wyżyny
20%
Osmańska
20%
Pelikanów
20%
Pięciolinii
20%
Poloneza
20%
Zaruby
20%
Braci Wagów
17%
Dąbrówka
17%
Grabów
17%
Instytut Hematologii
17%
Kiepury
17%
Koncertowa
17%
Koński Jar
17%
Krasnowola
17%
Nugat
17%
Osmańska - DHL
17%
Szolc-Rogozińskiego
17%
Taneczna
17%
Zaolziańska
17%
Areszt Śledczy Służewiec
13%
Farbiarska
13%
Jagielska
13%
Jeziorki Północne
13%
Kapeli
13%
Łukaszczyka
13%
Rosnowskiego
13%
Flamenco
10%
Kondracka
10%
Kopcińskiego
10%
Łączyny
10%
Samsonowska
10%
Wiolinowa
10%
Jurajska
7%
Nawłocka
7%
Pozytywki
7%
Taborowa
7%
Terminal Cargo
7%
Trombity
7%
Zgorzała
7%
Kómicka
0%
Metro Urysynów
0%
Sarabanady
0%
Nie znaleziono quizów pasujących do podanych kryteriów
Rozkład punktacji
Procent ludzi z każdym wynikiem
Percentyl według liczby udzielonych odpowiedzi
Twoja historia wyników
Nie rozwiązałeś tego quizu